000 03316cam a2200337 4500500
005 20260208005324.0
041 _afre
042 _adc
100 1 0 _aDurot, Éric
_eauthor
245 0 0 _aLe prédicant, hérétique et séditieux. De l'édit de Compiègne (1557) à l'édit de janvier (1562)
260 _c2009.
500 _a64
520 _aRÉSUMÉ La figure du prédicant telle qu’elle apparaît pour le pouvoir royal est définie clairement à partir de l’édit de Compiègne. Elle révèle un " singulier collectif " qui devient le principal vecteur des idées hérétiques et des scandales, un responsable d’actes de séditions et un individu sous les ordres des pasteurs de Genève. La construction de cette image repose sur la figure traditionnelle du faux prophète, largement remodelée par le contexte des années de genèse de la Réforme française. Entre 1557 et 1560, le " prédicant " traduit l’interprétation de la crise religieuse – et politique – du pouvoir royal, il envahit son champ de l’imaginaire et de son action politique, il est au cœur de tous les édits, répressifs comme d’apaisement. En 1561, après ce qui semble être un apogée de cette figure paradigmatique, la régence de Catherine de Médicis cherche à imposer une politique de concorde qui recompose la figure du prêcheur hétérodoxe, qui peut désormais être aussi un prédicateur catholique exclusiviste. Et, par l’édit de janvier 1562, elle promeut des prédicants calvinistes au statut de ministres de la Religion.
520 _aABSTRACT The Edict of Compiègne clearly defines how the " prédicants " are perceived by the royal authorities : the predicant acts for himself and on behalf of those he represents, he is the most important vehicle for heretic ideas and scandals, he is responsible for insurrectionary acts and obeys the preachers in Geneva. This image is built upon the traditional figure of the false prophet such as it was revisited during the first years of the French Réforme. Between 1557 and 1560, this perception of the predicant is the consequence of a crisis – political as well as religious – of the royal power which becomes obsessed with it. Hence the predicants become the target of every edict, whether they are repressive or, on the contrary, meant to pacify the people. In 1561, after what is generally regarded as the climactic period for this paradigmatic figure, Queen Regent Catherine de Médicis tries to impose an agreement which gives a new dimension to the heterodox preacher, who, from then on, may also be a Catholic preacher. Finally, in her 1562 edict, Catherine de Médicis raises some Calvinist predicants to the status of ministers of Religion.
690 _aédits de religion
690 _aFrance
690 _aGenève
690 _aMots clés : XVIe siècle
690 _apersécutions
690 _aprédicant
690 _aRéforme
690 _a16th Century
690 _aedicts of Religion
690 _aFrance
690 _aGeneva
690 _apersecutions
690 _apredicant
690 _aReformation
786 0 _nRevue historique | 649 | 1 | 2009-05-01 | p. 39-64 | 0035-3264
856 4 1 _uhttps://shs.cairn.info/revue-historique-2009-1-page-39?lang=fr&redirect-ssocas=7080
999 _c1651605
_d1651605